000 00381nam a22001457a 4500
003 OSt
008 250730b |||||||| |||| 00| 0 eng d
082 _a633.883111
_bM69M
100 _aPrashant Mohan
245 _aMarketing Behaviour of Makhana Growers in the Mithila Region of Bihar
260 _aRPCAU, Pusa
_bEE
_c2024
300 _a119
502 _bM.Sc.(EE)
942 _2ddc
_cT
999 _c48635
_d48635